Návrh opatrení na zlepšenie procesu vzdelávania zamestnancov v GOMS, spol. s r.o.

Enregistré dans:
Détails bibliographiques
Auteur principal: Kadlecová, Petra (Auteur)
Autres auteurs: Šujanová, Jana (Directeur de thèse)
Format: Manuscrit Livre
Langue:slovaque
Publié: 2016
Sujets:
Accès en ligne:http://is.stuba.sk/zp/portal_zp.pl?podrobnosti=105982
Tags: Ajouter un tag
Pas de tags, Soyez le premier à ajouter un tag!

MARC

LEADER 00000ntm a22000003a 4500
001 stuzp56684
003 SK-STU
005 20160719155051.1
007 ta
008 150427s2015----xo-----f-mn---000-0-slo-d
040 |a STU  |b slo 
041 0 |a slo 
100 1 |a Kadlecová, Petra  |u 064000  |4 aut  |U MTF Materiálovotechnologická fakulta  |T MTF Ústav priemyselného inžinierstva a manažmentu  |X 71717  |U M4000  |Y 84  |7 71717 
242 0 1 |a Proposal of the recommendations for the improvement of the employee education process in GOMS, spol. s r. o.  |y eng 
245 1 0 |a Návrh opatrení na zlepšenie procesu vzdelávania zamestnancov v GOMS, spol. s r.o. 
260 |c 2016 
650 4 |a vzdelávanie  |2 slo 
650 4 |a zamestnanec  |2 slo 
650 4 |a spoločnosť  |2 slo 
650 4 |a školenie  |2 slo 
650 4 |a dotazník  |2 slo 
650 4 |a education  |2 eng 
650 4 |a employee  |2 eng 
650 4 |a company  |2 eng 
650 4 |a course  |2 eng 
650 4 |a answer sheet  |2 eng 
700 1 |a Šujanová, Jana  |u 064000  |k Z1  |4 ths  |U MTF Materiálovotechnologická fakulta  |T MTF Ústav priemyselného inžinierstva a manažmentu  |X 2306  |U M4000  |Y 84  |7 A000002306 
856 4 |u http://is.stuba.sk/zp/portal_zp.pl?podrobnosti=105982 
996 |c M* BP-7784  |l MMSKP  |s P  |a 0  |w stuzp56684_0001 
SQL |a stuzp56684  |b DBP  |c SLO  |d Návrh opatrení na zlepšenie procesu vzdelávania zamestnancov v GOMS, spol. s r.o.  |e 71717  |f Kadlecová, Petra  |g 064000  |h 2306  |i Šujanová, Jana  |j 20160622  |k 173  |l 06  |m http://is.stuba.sk/zp/portal_zp.pl?podrobnosti=105982  |n B-PPP  |o 5.2.52. priemyselné inžinierstvo